000 00193nam a22000857a 4500
008 231004b |||||||| |||| 00| 0 eng d
020 _a9789966031396
245 _aCRIMINAL LAW
942 _2lcc
_cBK
999 _c207546
_d207546